[Event "Landesliga West MV 2013/14"]
[Site "?"]
[Date "2013.10.27"]
[Round "1.5"]
[White "Madaus, Hans"]
[Black "Borchert, Ulf"]
[Result "0-1"]
[WhiteElo "1312"]
[BlackElo "1872"]
[PlyCount "72"]
[EventType "team-tourn"]
[EventRounds "9"]
[WhiteTeam "ASV GW Wismar II"]
[BlackTeam "ASV GW Wismar"]

1. e4 c5 2. Nf3 Nc6 3. d4 cxd4 4. Nxd4 Nf6 5. Nxc6 bxc6 6. Bd3 g6 7. O-O Bg7 8.
Bd2 O-O 9. Bc3 Bb7 10. Nd2 d6 11. Re1 e5 12. b3 Nd7 13. Nc4 Nb6 14. Na5 Qc7 15.
Nxb7 Qxb7 16. a4 Rad8 17. Ba5 Kh8 18. Kh1 f5 19. Bxb6 Qxb6 20. Rb1 fxe4 21.
Bxe4 d5 22. Bf3 e4 23. Be2 Qxf2 24. Rf1 Qh4 25. Qe1 Rxf1+ 26. Bxf1 Qxe1 27.
Rxe1 Rf8 28. Ba6 Rf2 29. c4 d4 30. Kg1 e3 31. b4 Rb2 32. c5 Rxb4 33. Bd3 Rxa4
34. Rb1 Kg8 35. Rb8+ Kf7 36. Rc8 Ra1+ 0-1

[Event "Landesliga West MV 2013/14"]
[Site "?"]
[Date "2013.10.27"]
[Round "1.6"]
[White "Podolskiy, Alexander"]
[Black "Hung, Doan Manh"]
[Result "1-0"]
[WhiteElo "1846"]
[BlackElo "1135"]
[PlyCount "51"]
[EventType "team-tourn"]
[EventRounds "9"]
[WhiteTeam "ASV GW Wismar"]
[BlackTeam "ASV GW Wismar II"]

1. e4 e6 2. d4 d5 3. exd5 exd5 4. Bd3 Bd6 5. Ne2 Be6 6. O-O Nf6 7. Nf4 Bd7 8.
Re1+ Kf8 9. Nc3 c6 10. Nce2 g5 11. Nh3 Bxh3 12. gxh3 Rg8 13. Ng3 h5 14. h4 Bf4
15. hxg5 Bxg5 16. Bxg5 Rxg5 17. Qd2 Ne4 18. Bxe4 dxe4 19. Rxe4 Qd5 20. Rae1 Nd7
21. c4 Qf5 22. h4 Rg4 23. Qh6+ Kg8 24. Re8+ Rxe8 25. Rxe8+ Nf8 26. Rxf8# 1-0

[Event "Landesliga West MV 2013/14"]
[Site "?"]
[Date "2013.10.27"]
[Round "1.7"]
[White "Reimer, Simon"]
[Black "Pentzien, Volker"]
[Result "0-1"]
[WhiteElo "1095"]
[BlackElo "1832"]
[PlyCount "58"]
[EventType "team-tourn"]
[EventRounds "9"]
[WhiteTeam "ASV GW Wismar II"]
[BlackTeam "ASV GW Wismar"]

1. e4 d5 2. exd5 Nf6 3. Nf3 Nxd5 4. d4 Bg4 5. Be2 Nc6 6. c3 g6 7. O-O Bg7 8.
Be3 O-O 9. Nbd2 Nxe3 10. fxe3 e5 11. Qb3 exd4 12. exd4 Qd7 13. Bc4 Na5 14. Qb5
Nxc4 15. Qxd7 Bxd7 16. Nxc4 Bb5 17. Nfd2 Rae8 18. Rfe1 Bh6 19. Rxe8 Rxe8 20.
Rd1 Re2 21. a3 f6 22. b3 Bc6 23. Nf3 b5 24. Na5 Be4 25. c4 Be3+ 26. Kf1 Rf2+
27. Ke1 Rxg2 28. Nd2 Bd3 29. Nf1 Re2# 0-1

[Event "Landesliga West MV 2013/14"]
[Site "?"]
[Date "2013.10.27"]
[Round "1.8"]
[White "Junggebauer, Thomas"]
[Black "Ruediger, Felix"]
[Result "1-0"]
[WhiteElo "1814"]
[BlackElo "1017"]
[PlyCount "51"]
[EventType "team-tourn"]
[EventRounds "9"]
[WhiteTeam "ASV GW Wismar"]
[BlackTeam "ASV GW Wismar II"]

1. e4 e5 2. Nf3 Nc6 3. d4 Bb4+ 4. c3 Bd6 5. d5 Nce7 6. Nbd2 Ng6 7. Nc4 Bc5 8.
b4 Bb6 9. a4 a6 10. Nxb6 cxb6 11. d6 Nf6 12. Bd3 a5 13. b5 O-O 14. O-O Re8 15.
Qb3 h6 16. g3 Re6 17. Bc4 Rxd6 18. Bxf7+ Kh7 19. Bxg6+ Kxg6 20. Nxe5+ Kh7 21.
Nf7 Qe7 22. Ba3 Qxf7 23. Qxf7 Rd3 24. Bf8 Nh5 25. Qxh5 Rf3 26. Qxf3 1-0

[Event "Landesliga West MV 2013/14"]
[Site "?"]
[Date "2013.10.27"]
[Round "1.1"]
[White "Schreiber, Kevin"]
[Black "Siegert, Gregor"]
[Result "1-0"]
[WhiteElo "1991"]
[BlackElo "1859"]
[PlyCount "90"]
[EventType "team-tourn"]
[EventRounds "9"]
[WhiteTeam "SC Mecklenburger Springer"]
[BlackTeam "SF Schwerin IV"]

1. d4 Nf6 2. Nf3 g6 3. g3 Bg7 4. Bg2 O-O 5. O-O d6 6. c4 Nbd7 7. Qc2 Re8 8. Rd1
e5 9. Nc3 exd4 10. Nxd4 a6 11. b3 c5 12. Nf3 Nf8 13. Nh4 Ne6 14. e3 Qc7 15. Bb2
Rb8 16. a4 b6 17. Qd2 Rd8 18. Nd5 Nxd5 19. Bxd5 Qe7 20. Bxg7 Nxg7 21. Qc3 Nf5
22. Nxf5 Bxf5 23. e4 Bg4 24. f3 Bh3 25. a5 h5 26. Rd2 bxa5 27. Rxa5 Rb6 28.
Rda2 Rdb8 29. R2a3 Qg5 30. Rxa6 Qe5 31. Qxe5 dxe5 32. Rxb6 Rxb6 33. Kf2 Kf8 34.
Ke3 f6 35. Kd2 g5 36. Kc3 Ke7 37. Ra7+ Bd7 38. h4 Rb8 39. Bc6 Rd8 40. Bxd7 Rxd7
41. Rxd7+ Kxd7 42. b4 Kd6 43. b5 Kc7 44. Kd3 Kd6 45. Ke3 Ke6 1-0

[Event "Landesliga West MV 2013/14"]
[Site "?"]
[Date "2013.10.27"]
[Round "1.2"]
[White "Rabinowitsch, Juri"]
[Black "Schreiber, Felix"]
[Result "1-0"]
[WhiteElo "1844"]
[BlackElo "1819"]
[PlyCount "41"]
[EventType "team-tourn"]
[EventRounds "9"]
[WhiteTeam "SF Schwerin IV"]
[BlackTeam "SC Mecklenburger Springer"]

1. e4 c5 2. Nf3 Nc6 3. d4 cxd4 4. Nxd4 e6 5. Be3 a6 6. Be2 Qc7 7. O-O Nf6 8.
Nd2 Be7 9. f4 Nxd4 10. Bxd4 Bc5 11. c3 e5 12. fxe5 Qxe5 13. Nc4 Qc7 14. e5 Nd5
15. Nd6+ Bxd6 16. exd6 Qxd6 17. Bc4 O-O 18. Qg4 g6 19. Qg5 f5 20. Qh6 Kf7 21.
Rae1 1-0

[Event "Landesliga West MV 2013/14"]
[Site "?"]
[Date "2013.10.27"]
[Round "1.3"]
[White "Schreiber, Thomas"]
[Black "Jung, Werner"]
[Result "1/2-1/2"]
[WhiteElo "1765"]
[BlackElo "1868"]
[PlyCount "53"]
[EventType "team-tourn"]
[EventRounds "9"]
[WhiteTeam "SC Mecklenburger Springer"]
[BlackTeam "SF Schwerin IV"]

1. e4 d5 2. exd5 Nf6 3. d4 Nxd5 4. c4 Nb6 5. Nc3 e5 6. Be3 exd4 7. Qxd4 Qxd4 8.
Bxd4 Nc6 9. Bxb6 axb6 10. Nb5 Bb4+ 11. Kd1 Kd8 12. Kc2 Bf5+ 13. Kb3 Bc5 14.
Rd1+ Kc8 15. Bd3 Bxd3 16. Rxd3 Ne5 17. Rd2 Rd8 18. Rxd8+ Kxd8 19. Nh3 c6 20.
Rd1+ Ke7 21. Nc3 f5 22. f3 Bd6 23. Ng1 Rd8 24. Nge2 Bc7 25. Rxd8 Kxd8 26. Nd4
g6 27. Ne6+ 1/2-1/2

[Event "Landesliga West MV 2013/14"]
[Site "?"]
[Date "2013.10.27"]
[Round "1.4"]
[White "Krueger, Gerhard"]
[Black "Konrad, Andreas"]
[Result "1/2-1/2"]
[WhiteElo "1866"]
[BlackElo "1757"]
[PlyCount "26"]
[EventType "team-tourn"]
[EventRounds "9"]
[WhiteTeam "SF Schwerin IV"]
[BlackTeam "SC Mecklenburger Springer"]

1. e4 c6 2. d4 d5 3. exd5 cxd5 4. Bd3 Nc6 5. c3 Nf6 6. h3 e6 7. Ne2 Bd6 8. Bg5
h6 9. Bh4 Be7 10. Nd2 a6 11. O-O g5 12. Bg3 Bd6 13. f4 Nh5 1/2-1/2

[Event "Landesliga West MV 2013/14"]
[Site "?"]
[Date "2013.10.27"]
[Round "1.5"]
[White "Schreiber, Oliver"]
[Black "Pamperin, Gerhard"]
[Result "1/2-1/2"]
[WhiteElo "1710"]
[BlackElo "1813"]
[PlyCount "48"]
[EventType "team-tourn"]
[EventRounds "9"]
[WhiteTeam "SC Mecklenburger Springer"]
[BlackTeam "SF Schwerin IV"]

1. d4 d5 2. Bf4 e6 3. Nf3 c5 4. e3 Nc6 5. c3 Nf6 6. Nbd2 cxd4 7. exd4 Bd6 8.
Ne5 O-O 9. Bd3 Ne7 10. O-O b6 11. h3 Bb7 12. Ndf3 Ne4 13. Ng5 Nxg5 14. Bxg5 f6
15. Qh5 g6 16. Nxg6 Nxg6 17. Bxg6 Qe7 18. Bh6 hxg6 19. Qxg6+ Kh8 20. Bxf8 Rxf8
21. Rfe1 Rf7 22. Re3 Rg7 23. Qh6+ Kg8 24. Rae1 Bc8 1/2-1/2

[Event "Landesliga West MV 2013/14"]
[Site "?"]
[Date "2013.10.27"]
[Round "1.6"]
[White "Lindner, Thomas"]
[Black "Schreiber, Nico"]
[Result "1-0"]
[WhiteElo "1644"]
[BlackElo "1729"]
[PlyCount "157"]
[EventType "team-tourn"]
[EventRounds "9"]
[WhiteTeam "SF Schwerin IV"]
[BlackTeam "SC Mecklenburger Springer"]

1. d4 d5 2. c4 e6 3. Nc3 c6 4. e3 Nf6 5. Nf3 Nbd7 6. a3 Bd6 7. c5 Bc7 8. Bd3
O-O 9. O-O e5 10. dxe5 Nxe5 11. b4 Bg4 12. Be2 Bxf3 13. Bxf3 Qe7 14. Bb2 Nc4
15. Qc2 Rad8 16. Ne2 Nxb2 17. Qxb2 Nd7 18. Rad1 Ne5 19. Nd4 Qg5 20. g3 Nc4 21.
Qc1 Rfe8 22. Be2 h5 23. Bxc4 dxc4 24. Qxc4 Qg6 25. Qc2 Qg4 26. Kg2 g6 27. Nf3
a5 28. Rd4 Rxd4 29. Nxd4 axb4 30. axb4 Ra8 31. h3 Qd7 32. Rd1 Qe7 33. Nf3 Rd8
34. Rxd8+ Qxd8 35. Qd2 Qe7 36. Qd4 f6 37. Nd2 Be5 38. Qc4+ Kg7 39. Qd3 Bc7 40.
Qe4 Qd8 41. Nc4 Kf7 42. Qd4 Qe7 43. e4 Bb8 44. Nb6 Bc7 45. Nc4 Be5 46. Nxe5+
fxe5 47. Qd2 g5 48. Qe2 Kg6 49. g4 h4 50. Qf3 Kg7 51. Qf5 Kh6 52. Qc8 Kg7 53.
Qb8 Kf7 54. Qh8 Ke6 55. Qc8+ Kf7 56. Qf5+ Kg7 57. Kf3 Kh6 58. Ke2 Kg7 59. Qc8
Kf7 60. Kd3 Kg7 61. Kc3 Kg6 62. Qf5+ Kg7 63. Kb3 Kh6 64. Ka4 Kg7 65. Qc8 Qf7
66. Ka5 Qa2+ 67. Kb6 Qa6+ 68. Kc7 Qc4 69. Qxb7 Qxe4 70. Qxc6 Qxb4 71. Qd7+ Kf6
72. Qf5+ Kg7 73. Qxe5+ Kh6 74. c6 Qa4 75. Qf6+ Kh7 76. Kd7 Qb5 77. Qd6 Kg7 78.
Kd8 Qb6+ 79. Qc7+ 1-0

[Event "Landesliga West MV 2013/14"]
[Site "?"]
[Date "2013.10.27"]
[Round "1.7"]
[White "Hopp, Peter"]
[Black "Kirstein, Hans-Ernst"]
[Result "1/2-1/2"]
[WhiteElo "1637"]
[BlackElo "1699"]
[PlyCount "58"]
[EventType "team-tourn"]
[EventRounds "9"]
[WhiteTeam "SC Mecklenburger Springer"]
[BlackTeam "SF Schwerin IV"]

1. e4 e5 2. Nf3 Nf6 3. Nc3 Bb4 4. d3 d5 5. exd5 Nxd5 6. Bd2 O-O 7. Be2 Nc6 8.
O-O Nxc3 9. Bxc3 Bxc3 10. bxc3 Re8 11. Nd2 Be6 12. Bf3 Bd5 13. Rb1 Rb8 14. Nb3
Qd6 15. Bxd5 Qxd5 16. Re1 b6 17. Re3 Re6 18. Qe2 Rbe8 19. Re1 Qd6 20. Qg4 Qd5
21. d4 exd4 22. cxd4 Rxe3 23. Rxe3 Rxe3 24. fxe3 a5 25. c4 Qe6 26. Qe2 Qe4 27.
d5 Nb4 28. Kf2 Qf5+ 29. Kg3 Qg6+ 1/2-1/2

[Event "Landesliga West MV 2013/14"]
[Site "?"]
[Date "2013.10.27"]
[Round "1.8"]
[White "Peschke, Wolfgang"]
[Black "Goldbach, Aaron"]
[Result "0-1"]
[WhiteElo "1537"]
[BlackElo "1594"]
[PlyCount "94"]
[EventType "team-tourn"]
[EventRounds "9"]
[WhiteTeam "SF Schwerin IV"]
[BlackTeam "SC Mecklenburger Springer"]

1. d4 Nf6 2. c4 e6 3. Nf3 b6 4. Bg5 Bb7 5. Nc3 Be7 6. d5 Nxd5 7. cxd5 Bxg5 8.
e4 O-O 9. Be2 Re8 10. O-O exd5 11. exd5 d6 12. Re1 Ba6 13. Bb5 Rxe1+ 14. Qxe1
Bxb5 15. Nxb5 Na6 16. Nxg5 Qxg5 17. Rd1 Qd8 18. Rd3 Qe8 19. Qxe8+ Rxe8 20. Re3
Re5 21. Rxe5 dxe5 22. a3 Kf8 23. d6 cxd6 24. Nxd6 Nc7 25. Nc8 Ke8 26. Nd6+ Ke7
27. Nf5+ Kf6 28. Ne3 Ke6 29. Kf1 Nd5 30. Nc4 Nf4 31. g3 Nd3 32. Ke2 Nc5 33. b4
Ne4 34. f3 Nd6 35. Nb2 b5 36. a4 Kd5 37. axb5 Nxb5 38. Kd3 Nd4 39. f4 exf4 40.
gxf4 Nf3 41. h3 Ng1 42. h4 Nf3 43. h5 Nh4 44. Nd1 Nf5 45. Nc3+ Kc6 46. Ke4 Ng3+
47. Ke5 Nxh5 0-1

[Event "Landesliga West MV 2013/14"]
[Site "?"]
[Date "2013.10.27"]
[Round "1.1"]
[White "Mueller, Michael"]
[Black "Mueller, Axel"]
[Result "0-1"]
[WhiteElo "1813"]
[BlackElo "1936"]
[PlyCount "70"]
[EventType "team-tourn"]
[EventRounds "9"]
[WhiteTeam "SSC Rostock 07 III"]
[BlackTeam "Putlitzer SV 1921"]

1. d4 Nf6 2. Bg5 d6 3. Bxf6 exf6 4. e4 d5 5. exd5 Qxd5 6. Bd3 Bd6 7. Nc3 Bb4 8.
Nge2 Qxg2 9. Rg1 Qxh2 10. Rxg7 Qh6 11. Rg3 Nc6 12. Re3+ Ne7 13. Ng3 Be6 14. Qf3
O-O-O 15. O-O-O Bxc3 16. bxc3 Nd5 17. Rh1 Qf8 18. Be4 Qa3+ 19. Kd2 Qxa2 20.
Ree1 Qc4 21. Rb1 Kb8 22. Rb3 b6 23. Ra1 h5 24. Nf1 Bg4 25. Bxd5 Rxd5 26. Qe4 f5
27. Qe1 f4 28. Rb4 Qc6 29. Nh2 Re8 30. Qf1 Re2+ 31. Kd3 Qe6 32. Nxg4 Qe4+ 33.
Kc4 hxg4 34. Kb3 Qxc2+ 35. Ka3 Qxc3+ 0-1

[Event "Landesliga West MV 2013/14"]
[Site "?"]
[Date "2013.10.27"]
[Round "1.2"]
[White "Prenzlow, Michael"]
[Black "Moritz, Hartmut"]
[Result "1/2-1/2"]
[WhiteElo "1788"]
[BlackElo "1816"]
[PlyCount "89"]
[EventType "team-tourn"]
[EventRounds "9"]
[WhiteTeam "Putlitzer SV 1921"]
[BlackTeam "SSC Rostock 07 III"]

1. d4 Nf6 2. Nf3 d5 3. Bf4 e6 4. e3 Bd6 5. Bg3 Ne4 6. Bd3 f5 7. Nbd2 Nd7 8. Bh4
Be7 9. Bxe7 Qxe7 10. c3 O-O 11. Qe2 c5 12. Ne5 Nxe5 13. dxe5 Bd7 14. O-O Bc6
15. f3 Nxd2 16. Qxd2 b5 17. Rae1 Qc7 18. f4 Qb6 19. Qf2 b4 20. c4 Rad8 21. Qc2
dxc4 22. Bxc4 Bb5 23. Rc1 Bxc4 24. Qxc4 Rd5 25. Rfd1 Rfd8 26. Rxd5 Rxd5 27. Rc2
Kf7 28. Kf2 Qd8 29. Kf3 g5 30. h3 h5 31. fxg5 Qxg5 32. Qf4 Qg7 33. g4 hxg4+ 34.
hxg4 Qxe5 35. Qxe5 Rxe5 36. gxf5 exf5 37. Rh2 Kg6 38. Rd2 c4 39. Rd6+ Kf7 40.
Kf4 Rc5 41. e4 c3 42. bxc3 bxc3 43. Rd1 c2 44. Rc1 Ke6 45. exf5+ 1/2-1/2

[Event "Landesliga West MV 2013/14"]
[Site "?"]
[Date "2013.10.27"]
[Round "1.3"]
[White "Hochgraefe, Hans-Juergen"]
[Black "Blume, Christian"]
[Result "1/2-1/2"]
[WhiteElo "1809"]
[BlackElo "1832"]
[PlyCount "56"]
[EventType "team-tourn"]
[EventRounds "9"]
[WhiteTeam "SSC Rostock 07 III"]
[BlackTeam "Putlitzer SV 1921"]

1. d4 d5 2. Nf3 Nf6 3. Bg5 e6 4. Nbd2 Be7 5. e3 Nbd7 6. Bd3 O-O 7. c3 h6 8. Bh4
c5 9. Ne5 Nxe5 10. dxe5 Nd7 11. Bxe7 Qxe7 12. f4 b6 13. Qh5 f5 14. g4 c4 15.
Bc2 Nc5 16. gxf5 exf5 17. Rg1 Kh8 18. Nf3 Qf7 19. Qh3 Ne4 20. Rg2 Bd7 21. O-O-O
b5 22. Rdg1 Rg8 23. Nd4 a5 24. Bxe4 dxe4 25. Rg6 Rae8 26. Qh5 Re7 27. e6 Bxe6
28. Nxe6 Rxe6 1/2-1/2

[Event "Landesliga West MV 2013/14"]
[Site "?"]
[Date "2013.10.27"]
[Round "1.4"]
[White "Oelke, Bernd"]
[Black "Herde, Dittmar"]
[Result "1/2-1/2"]
[WhiteElo "1764"]
[BlackElo "1807"]
[PlyCount "34"]
[EventType "team-tourn"]
[EventRounds "9"]
[WhiteTeam "Putlitzer SV 1921"]
[BlackTeam "SSC Rostock 07 III"]

1. d4 d5 2. Bf4 Nf6 3. e3 e6 4. Bd3 c5 5. c3 Nc6 6. Nd2 Bd6 7. Bxd6 Qxd6 8.
Ngf3 b6 9. O-O O-O 10. a3 e5 11. dxe5 Nxe5 12. Nxe5 Qxe5 13. Nf3 Qh5 14. Be2
Bb7 15. Nd2 Qg6 16. Bf3 Rad8 17. Qb1 Ne4 1/2-1/2

[Event "Landesliga West MV 2013/14"]
[Site "?"]
[Date "2013.10.27"]
[Round "1.5"]
[White "Jeske, Holger"]
[Black "Philipp, Daniel"]
[Result "0-1"]
[WhiteElo "1831"]
[BlackElo "1575"]
[PlyCount "72"]
[EventType "team-tourn"]
[EventRounds "9"]
[WhiteTeam "SSC Rostock 07 III"]
[BlackTeam "Putlitzer SV 1921"]

1. e4 e6 2. f4 d5 3. e5 c5 4. b4 cxb4 5. d4 Nc6 6. Nf3 Nge7 7. Bd3 Ng6 8. O-O
Be7 9. Be3 O-O 10. g3 a5 11. h4 f5 12. exf6 gxf6 13. h5 Nh8 14. c4 bxc3 15.
Nxc3 Nb4 16. Bb1 Nf7 17. a3 Nc6 18. Qd3 f5 19. g4 Nh6 20. Nh2 b6 21. g5 Ba6 22.
Qc2 Bxf1 23. Kxf1 Nf7 24. Nf3 Nd6 25. Nxd5 Rc8 26. Nxe7+ Nxe7 27. Qa2 Nd5 28.
Bd2 Nc4 29. Bd3 Nxd2+ 30. Qxd2 Qd6 31. Ne5 Nc3 32. Bc4 Ne4 33. Qa2 Rxc4 34.
Nxc4 Qxd4 35. Ne5 Nc5 36. Qc4 Qxa1+ 0-1

[Event "Landesliga West MV 2013/14"]
[Site "?"]
[Date "2013.10.27"]
[Round "1.6"]
[White "Gottschalk, Maik"]
[Black "Maertin, Heinz"]
[Result "1/2-1/2"]
[WhiteElo "1646"]
[BlackElo "1768"]
[PlyCount "51"]
[EventType "team-tourn"]
[EventRounds "9"]
[WhiteTeam "Putlitzer SV 1921"]
[BlackTeam "SSC Rostock 07 III"]

1. c4 c5 2. Nc3 Nf6 3. Nf3 d5 4. cxd5 Nxd5 5. g3 Nc6 6. Bg2 Nc7 7. O-O e5 8. d3
Be7 9. Bd2 O-O 10. Rc1 Be6 11. a3 Rc8 12. Ne4 b6 13. Bc3 f6 14. Ned2 Nd4 15.
Bxd4 exd4 16. Qa4 a5 17. Qc6 Qd6 18. Qxd6 Bxd6 19. Ne4 Be7 20. Ned2 Rfe8 21.
Rc2 Red8 22. Rfc1 Ne8 23. Nc4 Rb8 24. Nfd2 Nd6 25. Nxd6 Bxd6 26. Nc4 1/2-1/2

[Event "Landesliga West MV 2013/14"]
[Site "?"]
[Date "2013.10.27"]
[Round "1.7"]
[White "Worm, Alfred"]
[Black "Feige, Detlef"]
[Result "1/2-1/2"]
[WhiteElo "1599"]
[BlackElo "1582"]
[PlyCount "92"]
[EventType "team-tourn"]
[EventRounds "9"]
[WhiteTeam "SSC Rostock 07 III"]
[BlackTeam "Putlitzer SV 1921"]

1. e4 c6 2. d4 d5 3. e5 Bf5 4. Nc3 e6 5. g4 Bg6 6. Nce2 c5 7. Be3 Nc6 8. c3 f6
9. Nf3 Qc7 10. Nh4 fxe5 11. Nxg6 hxg6 12. dxe5 Nxe5 13. Nf4 Qf7 14. Bb5+ Kd8
15. g5 Bd6 16. Be2 Ne7 17. Nd3 Rc8 18. h3 Nf5 19. Nxe5 Bxe5 20. Bg4 Ke7 21. Qa4
a6 22. O-O-O Rc6 23. Rhe1 Bd6 24. Kb1 b5 25. Qb3 c4 26. Qc2 Rb8 27. Bd4 Kd7 28.
Re2 b4 29. cxb4 Bxb4 30. Bc3 a5 31. a3 Bxa3 32. Qa4 Be7 33. Rde1 Rbb6 34. Rxe6
Bxg5 35. Rxc6 Rxc6 36. Qxa5 Bd8 37. Qa7+ Rc7 38. Qa4+ Rc6 39. Qa7+ Rc7 40. Qb6
Rc6 41. Qb5 Bc7 42. Rd1 Qe6 43. Rxd5+ Ke7 44. Rd1 Qe4+ 45. Ka2 Nd6 46. Qg5+ Kf8
1/2-1/2

[Event "Landesliga West MV 2013/14"]
[Site "?"]
[Date "2013.10.27"]
[Round "1.8"]
[White "Paetzke, Bernd"]
[Black "Bardosch, Konstantin"]
[Result "0-1"]
[WhiteElo "1495"]
[BlackElo "1573"]
[PlyCount "60"]
[EventType "team-tourn"]
[EventRounds "9"]
[WhiteTeam "Putlitzer SV 1921"]
[BlackTeam "SSC Rostock 07 III"]

1. d4 Nf6 2. c4 e6 3. Nf3 c5 4. d5 d6 5. Nc3 Be7 6. e4 Nbd7 7. Bd3 O-O 8. O-O
a6 9. Bg5 h6 10. Bh4 Rb8 11. Rc1 b5 12. cxb5 axb5 13. dxe6 fxe6 14. Nxb5 Nxe4
15. Bxe7 Qxe7 16. Qa4 Ndf6 17. Nh4 Qe8 18. Bxe4 Nxe4 19. Qxe4 Rxb5 20. b3 Rb4
21. Qd3 Rxh4 22. Qxd6 Rf5 23. Rxc5 Rxc5 24. Qxc5 Bb7 25. Rd1 Qa8 26. Qc7 Bd5
27. g3 Re4 28. f3 Re2 29. a4 Qf8 30. Rd3 Qa3 0-1

[Event "Landesliga West MV 2013/14"]
[Site "?"]
[Date "2013.10.27"]
[Round "1.1"]
[White "Arning, Norbert"]
[Black "Stadler, Bertino"]
[Result "1-0"]
[WhiteElo "1944"]
[BlackElo "1654"]
[PlyCount "53"]
[EventType "team-tourn"]
[EventRounds "9"]
[WhiteTeam "SV Malchower Schachinsel"]
[BlackTeam "SV Empor Kuehlungsborn"]

1. e4 g6 2. d4 Bg7 3. f4 d6 4. Nf3 Bg4 5. e5 e6 6. Be3 Ne7 7. Nc3 Nf5 8. Bf2
Bxf3 9. Qxf3 d5 10. O-O-O a6 11. g4 Ne7 12. Bh4 c6 13. f5 gxf5 14. gxf5 Qd7 15.
Bxe7 Qxe7 16. Kb1 exf5 17. Qxf5 Qe6 18. Qf3 b5 19. Bh3 Qe7 20. Rhg1 Bf8 21. Qh5
Kd8 22. Rdf1 Ra7 23. Rf6 Qb4 24. Qg4 Rc7 25. Rgf1 Qa5 26. Rxf7 Be7 27. Rxe7 1-0

[Event "Landesliga West MV 2013/14"]
[Site "?"]
[Date "2013.10.27"]
[Round "1.2"]
[White "Kornblum, Harry"]
[Black "Schmidt, Joerg"]
[Result "1/2-1/2"]
[WhiteElo "1868"]
[BlackElo "1897"]
[PlyCount "100"]
[EventType "team-tourn"]
[EventRounds "9"]
[WhiteTeam "SV Empor Kuehlungsborn"]
[BlackTeam "SV Malchower Schachinsel"]

1. d4 d5 2. Nf3 Nf6 3. c4 c6 4. e3 e6 5. Nc3 Nbd7 6. Bd3 dxc4 7. Bxc4 b5 8. Bd3
a6 9. Bd2 Bb7 10. Rc1 Rc8 11. O-O c5 12. Bb1 Be7 13. Qe2 Qb6 14. Rfd1 O-O 15.
Ne5 cxd4 16. Nxd7 Nxd7 17. exd4 Nf6 18. Bf4 b4 19. Na4 Qa5 20. Nc5 Bxc5 21.
dxc5 Rxc5 22. Rxc5 Qxc5 23. Bd6 Qc6 24. f3 Rd8 25. Be7 Rxd1+ 26. Qxd1 Qd5 27.
Qc2 Qd4+ 28. Kh1 g6 29. Bc5 Qh4 30. Bf2 Qf4 31. Bg3 Qd4 32. Bf2 Qd7 33. Be3 Nd5
34. Bg5 Qb5 35. Qd1 f6 36. Bd2 a5 37. Qe1 Kf7 38. h4 Ne7 39. Bc2 Bd5 40. b3 Qc6
41. Bb1 h5 42. Qe3 e5 43. Bd3 Qd6 44. Bb5 Nf5 45. Qa7+ Ke6 46. Qxa5 Ng3+ 47.
Kg1 Bxb3 48. Bxb4 Qd4+ 49. Kh2 Qxh4+ 50. Kg1 Qd4+ 1/2-1/2

[Event "Landesliga West MV 2013/14"]
[Site "?"]
[Date "2013.10.27"]
[Round "1.3"]
[White "Hertel-Mach, Frank"]
[Black "Gipp, Thomas"]
[Result "1-0"]
[WhiteElo "1798"]
[BlackElo "1902"]
[PlyCount "71"]
[EventType "team-tourn"]
[EventRounds "9"]
[WhiteTeam "SV Malchower Schachinsel"]
[BlackTeam "SV Empor Kuehlungsborn"]

1. e4 c5 2. f4 Nc6 3. Nf3 d6 4. Bc4 e6 5. Nc3 Be7 6. O-O Nf6 7. Qe2 a6 8. a4
O-O 9. d3 d5 10. Ba2 Nd4 11. Nxd4 cxd4 12. Nd1 dxe4 13. dxe4 Qa5 14. Bb3 Bd7
15. Nf2 Bc6 16. e5 Nd5 17. Nd3 b5 18. Bd2 Qb6 19. a5 Qa7 20. Kh1 Rac8 21. f5
exf5 22. Rxf5 Bd7 23. Rxf7 Kxf7 24. Bxd5+ Ke8 25. Qh5+ g6 26. Qxh7 Bf5 27. g4
Bxd3 28. cxd3 Qc5 29. Qxg6+ Kd8 30. Qe6 Qc2 31. Qb6+ Ke8 32. Rc1 Qxc1+ 33. Bxc1
Rxc1+ 34. Kg2 Rc2+ 35. Kg3 Bg5 36. Qg6+ 1-0

[Event "Landesliga West MV 2013/14"]
[Site "?"]
[Date "2013.10.27"]
[Round "1.5"]
[White "Fechner, Henrik"]
[Black "Prosz, Benjamin"]
[Result "1/2-1/2"]
[WhiteElo "1771"]
[BlackElo "1782"]
[PlyCount "54"]
[EventType "team-tourn"]
[EventRounds "9"]
[WhiteTeam "SV Malchower Schachinsel"]
[BlackTeam "SV Empor Kuehlungsborn"]

1. d4 e6 2. c4 Nf6 3. Nc3 d5 4. Bf4 Bd6 5. Bxd6 Qxd6 6. e3 c6 7. Nf3 Nbd7 8.
Bd3 e5 9. dxe5 Nxe5 10. Nxe5 Qxe5 11. cxd5 Nxd5 12. Nxd5 Qxd5 13. O-O O-O 14.
Qc2 h6 15. Rfd1 Qg5 16. Be2 Be6 17. Bc4 Bxc4 18. Qxc4 Rfd8 19. Rd4 Rxd4 20.
Qxd4 Qe7 21. Rd1 Kf8 22. g3 c5 23. Qd7 Re8 24. Qf5 Qe5 25. Qc2 g6 26. b3 b6 27.
Qc4 Qe4 1/2-1/2

[Event "Landesliga West MV 2013/14"]
[Site "?"]
[Date "2013.10.27"]
[Round "1.6"]
[White "Prueter, Reinhard"]
[Black "Schmidt, Robert"]
[Result "1/2-1/2"]
[WhiteElo "1634"]
[BlackElo "1688"]
[PlyCount "68"]
[EventType "team-tourn"]
[EventRounds "9"]
[WhiteTeam "SV Empor Kuehlungsborn"]
[BlackTeam "SV Malchower Schachinsel"]

1. d4 Nf6 2. Nf3 e6 3. c4 b6 4. Nc3 Bb4 5. Bg5 Bb7 6. e3 d6 7. Bd3 c5 8. O-O
Bxc3 9. bxc3 h6 10. Bh4 Nbd7 11. Nd2 g5 12. Bg3 e5 13. Bf5 O-O 14. d5 Ne8 15.
f4 exf4 16. exf4 Bc8 17. Ne4 Ndf6 18. Nxf6+ Qxf6 19. fxg5 Qxg5 20. Bxc8 Rxc8
21. Bf4 Qf6 22. Qg4+ Ng7 23. Rae1 Rce8 24. Rxe8 Rxe8 25. Qg3 Rd8 26. Qh3 Kh7
27. Bd2 Qg6 28. Qh4 Rg8 29. Rxf7 h5 30. Qf4 Re8 31. h3 Re2 32. Qh6+ Qxh6 33.
Bxh6 Kxh6 34. Rxa7 Nf5 1/2-1/2

[Event "Landesliga West MV 2013/14"]
[Site "?"]
[Date "2013.10.27"]
[Round "1.7"]
[White "Reeps, Rickert"]
[Black "Miedeck, Franz"]
[Result "1/2-1/2"]
[WhiteElo "1670"]
[BlackElo "1592"]
[PlyCount "84"]
[EventType "team-tourn"]
[EventRounds "9"]
[WhiteTeam "SV Malchower Schachinsel"]
[BlackTeam "SV Empor Kuehlungsborn"]

1. d4 d5 2. c4 c6 3. Nc3 Nf6 4. Bg5 e6 5. Nf3 Be7 6. e3 O-O 7. Rc1 a6 8. Qc2 h6
9. Bf4 Nbd7 10. Bd3 dxc4 11. Bxc4 Nb6 12. Be2 Nbd5 13. Bg3 Nxc3 14. bxc3 c5 15.
O-O b5 16. Rfd1 c4 17. a4 Nh5 18. Ne5 Nxg3 19. Bf3 Rb8 20. Nc6 Qc7 21. Nxb8 Nf5
22. Nc6 Bd6 23. g3 Bb7 24. axb5 axb5 25. Ne5 Ne7 26. Bxb7 Qxb7 27. Rb1 Bxe5 28.
dxe5 Rc8 29. Rd4 Nc6 30. Rxc4 Nxe5 31. Rxc8+ Qxc8 32. Rxb5 Nf3+ 33. Kh1 Ne1 34.
Qe4 f5 35. Qb7 Qc4 36. Kg1 Nf3+ 37. Qxf3 Qxb5 38. Kg2 Qc4 39. Qh5 Qc6+ 40. Kh3
Kh7 41. Qf7 Qc4 42. Kg2 Qe4+ 1/2-1/2

[Event "Landesliga West MV 2013/14"]
[Site "?"]
[Date "2013.10.27"]
[Round "1.8"]
[White "Noelck, Ulrich"]
[Black "Wendt, Uwe"]
[Result "1/2-1/2"]
[WhiteElo "1597"]
[BlackElo "1660"]
[PlyCount "38"]
[EventType "team-tourn"]
[EventRounds "9"]
[WhiteTeam "SV Empor Kuehlungsborn"]
[BlackTeam "SV Malchower Schachinsel"]

1. d4 Nf6 2. c4 d5 3. e3 c6 4. Bd3 g6 5. Nf3 Bg7 6. Nc3 O-O 7. O-O dxc4 8. Bxc4
Bg4 9. h3 Bxf3 10. Qxf3 Nbd7 11. Rd1 e6 12. Bd2 Qc8 13. Bb3 Re8 14. Rac1 Nb6
15. Na4 Nxa4 16. Bxa4 Qd7 17. Rc2 Rac8 18. Rdc1 a6 19. Bb3 Qd6 1/2-1/2